• 首页
  • 本馆介绍
  • 公告通知
  • 最新文献
  • 馆藏检索
  • 电子资源
  • 读者导购
  • 参考咨询
  • 我的图书馆
  • 登录
  • 详细信息显示
  • 放入我的书架
  • 预约/预借图书
  • 作者相关作品
  • 分类相关作品
  • 丛书相关作品
  • 出版社相关作品

书目信息

  • 表格格式
  • 工作单格式
  • 卡片格式
题名:
纸币圈那些事
    
 
作者: 胡晓鹏 著
分册:  
出版信息: 上海   上海社会科学院出版社  2020.11
页数: 276页
开本: 24cm
丛书名:
单 册:
中图分类: G262.2
科图分类:
主题词: 人民币--收藏--文集
电子资源:
ISBN: 978-7-5520-3313-7
000 00715nam0 2200229 45
001 012001004065
005 20140926105813.0
010    @a978-7-5520-3313-7@dCNY78.00
100    @a20201229d2020 em y0chiy0110 ea
101 0  @achi
102    @aCN@b310000
105    @aa z 000yy
106    @ar
200 1  @a纸币圈那些事@Azhi bi quan nei xie shi@f胡晓鹏著
210    @a上海@c上海社会科学院出版社@d2020.11
215    @a276页@c图,照片@d24cm
330    @a本书以随笔的形式介绍了改革开放以来人民币收藏的故事,并对纸币收藏的发展趋势作出判断。
606 0  @a人民币@x收藏@j文集
690    @aG262.2@v5
701  0 @a胡晓鹏@Ahu xiao peng@f(1975.2-)@4著
801    @aCN@bAHXH@c20210922
905    @b1329223-7@dG262.2@e30@f5
    
    纸币圈那些事/胡晓鹏著.-上海:上海社会科学院出版社,2020.11
    276页:图,照片;24cm
    
    
    ISBN 978-7-5520-3313-7:CNY78.00
    本书以随笔的形式介绍了改革开放以来人民币收藏的故事,并对纸币收藏的发展趋势作出判断。
●
相关链接 在E读中查询图书 在五车中查询图书 在当当中查询图书 在豆瓣中查询图书


正题名:纸币圈那些事     索取号:G262.2/30         预约/预借

序号 登录号 条形码 馆藏地/架位号 状态 备注
1 1329223   213292239   第一样本阅览室/ [索取号:G262.2/30] 在馆    
2 1329224   213292248   教育系资料室/ [索取号:G262.2/30] 在馆    
3 1329225   213292257   教育系资料室/ [索取号:G262.2/30] 在馆    
4 1329226   213292266   第四借阅区/ [索取号:G262.2/30] 在馆    
5 1329227   213292275   第四借阅区/ [索取号:G262.2/30] 在馆    
唐山师范学院图书馆 欢迎您!
大连网信软件有限公司© 版权所有